| 000 | 00555nam a2200217 a 4500 | ||
|---|---|---|---|
| 001 | BRCA_7032 | ||
| 005 | 20190320205701.0 | ||
| 008 | 291111s1932----u--a######---#000-0#eng-# | ||
| 041 | _aeng | ||
| 044 | _au | ||
| 050 | 4 |
_aSF457 _b.I65 1932 |
|
| 100 | 1 |
_aInnes, William T. _917481 |
|
| 245 | 1 | 0 |
_aThe modern aquarium _cWilliam T. Innes ; illustrations by the author |
| 250 | _a6 | ||
| 260 |
_aFiladelfia, Pensilvania _bInnes _c1932 |
||
| 300 |
_a62 p. _bil. _c20 cm. |
||
| 500 | _aI178 | ||
| 650 | 1 | 4 |
_aAcuarios _917017 |
| 902 | _aGFM | ||
| 942 |
_2lcc _cB |
||
| 999 |
_c6713 _d6713 |
||